00537nam a2200181Ia 4500008004100000020001800041082001800059100002600077245003900103250000600142260003300148300001400181500002400195650001400219942000700233952009800240999001700338230525s9999 xx 000 0 und d a81-224-1429-X a 621.382bPRA aManohar Prasad945341 0aRefrigeration and Air Conditioning a2 aNew DelhibNew Age Pubc2012 aXIX,641p; aQuantity Number: 1 aMechanics cBK 00104070aTATCLbTATCLcGENd2023-05-25l0o 621.382 PRAp54072r2023-05-25w2023-05-25yBK c61090d61090